La Constitución y su interpretación por el Poder Judicial de la Federación 2010 /
Compilación de las 4021 tesis de la Suprema Corte de Justicia de la Nación publicadas desde la quinta época (junio de 1917) hasta julio de 2010, relacionadas sistemáticamente con los artículos y temas de la Constitución Política de los Estados Unidos Mexicanos; se incluye un apartado de antecedentes...
Kaydedildi:
| Müşterek Yazar: | |
|---|---|
| Materyal Türü: | Elektronik |
| Dil: | İspanyolca |
| Baskı/Yayın Bilgisi: |
México :
Suprema Corte de Justicia de la Nación,
2010, c2010
|
| Edisyon: | Nueva ed. |
| Konular: | |
| Etiketler: |
Etiket eklenmemiş, İlk siz ekleyin!
|
MARC
| LEADER | 00000nmm^a2200000^a^4500 | ||
|---|---|---|---|
| 001 | 000311139 | ||
| 005 | 20250521000000.0 | ||
| 009 | 20260310113037.416 | ||
| 020 | |a 978-607-468-238-0 | ||
| 037 | |a Acervo ITESO - Biblioteca | ||
| 041 | |a ESP | ||
| 082 | |a 342. 7203 |b MEX SCJN 2010 | ||
| 110 | |a México | ||
| 240 | 1 | 1 | |a [Constitución. 1917] |
| 240 | 1 | 4 | |a [La Constitución y su interpretación por el Poder Judicial de la Federación] |
| 245 | 1 | 3 | |a La Constitución y su interpretación por el Poder Judicial de la Federación 2010 / |c Presen. de S.A. Valls Hernández, A. Zaldívar Lelo de Larrea, G.I. Ortiz Mayagoitia. |
| 250 | |a Nueva ed. | ||
| 264 | 4 | |a México : |b Suprema Corte de Justicia de la Nación, |c 2010, c2010 | |
| 300 | |a 1 disco compacto de computadora | ||
| 336 | |a datos para computadora |b cod |2 rdacontenido | ||
| 337 | |a computadora |b c |2 rdamedio | ||
| 338 | |a disco de computadora |b cd |2 rdasoporte | ||
| 520 | |a Compilación de las 4021 tesis de la Suprema Corte de Justicia de la Nación publicadas desde la quinta época (junio de 1917) hasta julio de 2010, relacionadas sistemáticamente con los artículos y temas de la Constitución Política de los Estados Unidos Mexicanos; se incluye un apartado de antecedentes históricos de la evolución legislativa de la carta magna. Contiene un índice de conceptos jurídicos constitucionales y la opción de consultar los artículos e información asociada anteriores a la reforma del 18 de junio de 2008. | ||
| 649 | |a XX | ||
| 650 | |a Constitución, 1917 - |z México - |x Tema Principal | ||
| 650 | |a Justicia - |x Administración - |z México - |x Historia | ||
| 650 | |a Reforma Constitucional - |z México - |x Historia - |y Siglo XX | ||
| 650 | |a Reforma Jurídica - |z México - |x Historia - |y Siglo XX | ||
| 650 | |a Jurisprudencia - |z México - |x Historia - |y Siglo XX | ||
| 650 | |a Suprema Corte de Justicia de la Nación - |z México - |x Historia - |y Siglo XX | ||
| 650 | |a Poder Judicial - |z México - |x Historia - |y Siglo XX | ||
| 650 | |a Administración Pública - |z México - |x Historia - |y Siglo XX | ||
| 650 | |a Derecho - |x Interpretación | ||
| 650 | |a Derecho Constitucional - |z México | ||
| 650 | |a Derecho Público - |z México | ||
| 910 | |a Fondo General | ||
| 920 | |a Electrónicos - Recursos en Disco | ||
| 905 | |a 207 | ||
| 901 | |a SFW0001197 |b IT2 |c SWB |u 20250521 | ||
| 902 | |a https://opac.biblio.iteso.mx/vufind/Record/000311139 | ||